Klatovské pamětihodnosti /

Další autoři: Protiva, Josef, 1937-2017, Kavele, Jan
Jazyk: Čeština
Vydáno: V Klatovech : Městský úřad, 2003
Témata:
Fyzický popis: 20 s. : il. (převážně barev.), plány, erby ; 21 cm
Knihy
Uloženo v:
LEADER 01185nam a2200337 a 4500
001 000760669
003 CZ BrMZK
005 20070824104649.0
007 ta
008 050124s2003 xr aei erf 000 0 cze d
020 |q (brož.) 
040 |a BOA001  |b cze 
043 |a e-xr---  |b e-xr-pl  |2 czenas 
072 7 |a 72  |x Architektura  |2 Konspekt  |9 21 
080 |a 72:904  |2 MRF 
080 |a (437.322)  |2 MRF 
080 |a (036)  |2 MRF 
245 0 0 |a Klatovské pamětihodnosti /  |c [sestavil, ilustrace Josef Protiva ; fotografie Jan Kavele] 
260 |a V Klatovech :  |b Městský úřad,  |c 2003 
300 |a 20 s. :  |b il. (převážně barev.), plány, erby ;  |c 21 cm 
500 |a Název z obálky 
650 0 7 |a architektonické památky  |7 ph118585  |z Česko  |2 czenas 
650 0 7 |a historický místopis  |7 ph137052  |z Česko  |2 czenas 
655 7 |a průvodce  |7 fd133154  |2 czenas 
651 7 |a Klatovy (Česko)  |7 ge129581  |2 czenas 
700 1 |a Protiva, Josef,  |d 1937-2017  |7 jn20010310169  |4 com  |4 ill 
700 1 |a Kavele, Jan  |4 pht 
910 |a BOA001  |b 2-1145.485 
990 |a BK 
991 |b 200503  |c NOV 
996 6 |b 2610240331  |c 2-1145.485  |l MZK  |r Sklad / do 1 hodiny  |n 0  |p p.v.  |w 000760669  |u 000010  |a 1  |e BOA001  |j MZK50  |s P